Ekonomické dopady financovania vedy na Slovensku diplomová práca

Na minha lista:
Detalhes bibliográficos
Autor principal: Murdzik, Lukáš
Autor Corporativo: Národohospodárska fakulta EU. Katedra hospodárskej politiky
Outros Autores: Kopkáš, Peter
Formato: Livro
Idioma:eslovaco
Publicado em: Bratislava 2015
Tags: Adicionar Tag
Sem tags, seja o primeiro a adicionar uma tag!

MARC

LEADER 00000nbm a2200000 4500
001 0202437
005 20161212095118.0
041 0 |a slo 
044 |a SK 
245 1 0 |a Ekonomické dopady financovania vedy na Slovensku  |b diplomová práca  |c Lukáš Murdzik ; školiteľ: Peter Kopkáš 
264 1 |a Bratislava  |c 2015 
300 |a 51 s. 
100 1 |a Murdzik, Lukáš 
700 1 |a Kopkáš, Peter 
710 2 |a Národohospodárska fakulta EU. Katedra hospodárskej politiky